|
|
|
|
| LEADER |
00000cam a2200000 7i4500 |
| 001 |
0000086875 |
| 005 |
20211101.0 |
| 008 |
211017 |
| 020 |
|
|
|a 9789675378164
|
| 041 |
0 |
|
|a English
|
| 041 |
0 |
|
|a Malay
|
| 090 |
0 |
0 |
|a 899.2313
|b RHA
|
| 100 |
1 |
|
|a R. Hamkama
|
| 245 |
1 |
0 |
|a Nota seberang
|c R. Hamkama
|
| 260 |
|
|
|a Selangor :
|b Citra Kurnia Enterprise ,
|c 2020
|
| 300 |
|
|
|a 271 p. :
|b ill. ;
|c 20.2 cm.
|
| 541 |
0 |
0 |
|c Purchased on 2021
|f A0154-21 REC
|h RM35.00
|
| 650 |
|
0 |
|a Malay poetry
|
| 650 |
|
0 |
|a Poetry
|
| 999 |
|
|
|a 0001660581
|b Book
|c Adult Collection
|e Cawangan Muar
|
| 999 |
|
|
|a 0001660582
|b Book
|c Adult Collection
|e Cawangan Batu Pahat
|
| 999 |
|
|
|a 0001660583
|b Book
|c Adult Collection
|e Cawangan Sri Merlong
|
| 999 |
|
|
|a 0001660584
|b Book
|c Adult Collection
|e Cawangan Bandar Penawar
|
| 999 |
|
|
|a 0001660585
|b Book
|c Adult Collection
|e Cawangan Bandar Tenggara
|
| 999 |
|
|
|a 0001660586
|b Book
|c Adult Collection
|e Cawangan Taman Universiti
|
| 999 |
|
|
|a 0001660587
|b Book
|c Adult Collection
|e Cawangan Taman Sri Lambak
|
| 999 |
|
|
|a 0001660588
|b Book
|c Adult Collection
|e Cawangan Sri Merlong
|
| 999 |
|
|
|a 0001660589
|b Book
|c Adult Collection
|e Cawangan Segamat
|
| 999 |
|
|
|a 0001660590
|b Book
|c Adult Collection
|e Cawangan Mersing
|
| 999 |
|
|
|a 0001660591
|b Book
|c Adult Collection
|e Cawangan Tangkak
|
| 999 |
|
|
|a 0001660592
|b Book
|c Adult Collection
|e Cawangan Pontian
|
| 999 |
|
|
|a 0001660593
|b Book
|c Adult Collection
|e Cawangan Bukit Gambir
|
| 999 |
|
|
|a 0001661702
|b Book
|c Adult Collection
|e Perbadanan Perpustakaan Awam Johor
|
| 999 |
|
|
|a 0001661703
|b Book
|c Adult Collection
|e Perbadanan Perpustakaan Awam Johor
|
| 999 |
|
|
|a 0001661704
|b Book
|c Adult Collection
|e Cawangan Urban Transformation Centre
|
| 999 |
|
|
|a 0001661705
|b Book
|c Adult Collection
|e Cawangan AEON Kulaijaya
|